Từ điển y học Anh-Việt = English Vietnamese medical dictionary

Wedi'i Gadw mewn:
Manylion Llyfryddiaeth
Fformat: Llyfr
Iaith:Undetermined
Cyhoeddwyd: Hà Nội Y Học 2002
Pynciau:
Tagiau: Ychwanegu Tag
Dim Tagiau, Byddwch y cyntaf i dagio'r cofnod hwn!
Thư viện lưu trữ: Trung tâm Học liệu Trường Đại học Cần Thơ
LEADER 00578nam a2200205Ia 4500
001 CTU_64493
008 210402s9999 xx 000 0 und d
020 |b 112000 
082 |a 610.3 
082 |b T550 
245 0 |a Từ điển y học Anh-Việt = 
245 0 |b English Vietnamese medical dictionary 
245 0 |c Phạm Ngọc Trí...[et al] 
260 |a Hà Nội 
260 |b Y Học 
260 |c 2002 
650 |a Medicine 
650 |x Dictionaries 
904 |i TUYẾN (Nguyênsửa) 
980 |a Trung tâm Học liệu Trường Đại học Cần Thơ